Troublemaker : (Record no. 342429)

000 -LEADER
fixed length control field 01434cam a2200373 a 4500
001 - CONTROL NUMBER
control field 3524570
003 - CONTROL NUMBER IDENTIFIER
control field NUST
005 - DATE AND TIME OF LATEST TRANSACTION
control field 20171227104929.0
008 - FIXED-LENGTH DATA ELEMENTS--GENERAL INFORMATION
fixed length control field 960502s1996 nyuaf 001 0 eng
010 ## - LIBRARY OF CONGRESS CONTROL NUMBER
LC control number 96020956
020 ## - INTERNATIONAL STANDARD BOOK NUMBER
International Standard Book Number 0812963741 (acidfree paper)
040 ## - CATALOGING SOURCE
Original cataloging agency DLC
Transcribing agency DLC
Modifying agency DLC
043 ## - GEOGRAPHIC AREA CODE
Geographic area code a-cc---
050 00 - LIBRARY OF CONGRESS CALL NUMBER
Classification number HV8964.C5
Item number W85 1996
082 00 - DEWEY DECIMAL CLASSIFICATION NUMBER
Classification number 365.450951
Author Mark HAR
100 1# - MAIN ENTRY--PERSONAL NAME
Personal name Wu, Hongda Harry.
9 (RLIN) 7651
245 10 - TITLE STATEMENT
Title Troublemaker :
Remainder of title one man's crusade against China's cruelty /
Statement of responsibility, etc. Harry Wu, with George Vecsey.
250 ## - EDITION STATEMENT
Edition statement 1st ed.
260 ## - PUBLICATION, DISTRIBUTION, ETC.
Place of publication, distribution, etc. New York :
Name of publisher, distributor, etc. Times Books,
Date of publication, distribution, etc. 1996.
300 ## - PHYSICAL DESCRIPTION
Extent viii, 328 p., [8] p. of plates :
Other physical details ill. ;
Dimensions 24 cm.
500 ## - GENERAL NOTE
General note Includes index.
500 ## - GENERAL NOTE
General note Map of China, Russia, and other Eastern countries on end papers.
600 10 - SUBJECT ADDED ENTRY--PERSONAL NAME
Personal name Wu, Hongda Harry.
9 (RLIN) 7651
650 #0 - SUBJECT ADDED ENTRY--TOPICAL TERM
Topical term or geographic name entry element Concentration camps
Geographic subdivision China.
9 (RLIN) 7652
650 #0 - SUBJECT ADDED ENTRY--TOPICAL TERM
Topical term or geographic name entry element Political prisoners
Geographic subdivision China.
9 (RLIN) 7653
650 #0 - SUBJECT ADDED ENTRY--TOPICAL TERM
Topical term or geographic name entry element Forced labor
Geographic subdivision China.
9 (RLIN) 7654
650 #0 - SUBJECT ADDED ENTRY--TOPICAL TERM
Topical term or geographic name entry element Human rights
Geographic subdivision China.
9 (RLIN) 7655
700 1# - ADDED ENTRY--PERSONAL NAME
Personal name Vecsey, George.
9 (RLIN) 7656
856 42 - ELECTRONIC LOCATION AND ACCESS
Materials specified Publisher description
Uniform Resource Identifier <a href="http://www.loc.gov/catdir/description/random0411/96020956.html">http://www.loc.gov/catdir/description/random0411/96020956.html</a>
906 ## - LOCAL DATA ELEMENT F, LDF (RLIN)
a 7
b cbc
c orignew
d 1
e ocip
f 19
g y-gencatlg
942 ## - ADDED ENTRY ELEMENTS (KOHA)
Source of classification or shelving scheme
Koha item type Book
Holdings
Withdrawn status Lost status Source of classification or shelving scheme Damaged status Not for loan Permanent Location Current Location Shelving location Date acquired Full call number Barcode Date last seen Copy number Price effective from Koha item type
          Central Library (CL) Central Library (CL) Book Cart 12/27/2017 365.450951 HAR CL3424 12/27/2017 1 12/27/2017 Book
© 2023 Central Library, National University of Sciences and Technology. All Rights Reserved.